El secreto de las siete semillas
Uloženo v:
| Hlavní autor: | |
|---|---|
| Médium: | Kniha |
| Jazyk: | španělština |
| Vydáno: |
Santiago
El Mercurio Aguilar
2003
|
| Témata: | |
| Tagy: |
Přidat tag
Žádné tagy, Buďte první, kdo vytvoří štítek k tomuto záznamu!
|
MARC
| LEADER | 00000nam a2200000 a 4500 | ||
|---|---|---|---|
| 001 | UCI2007 | ||
| 003 | CL-VaPUC | ||
| 008 | 070727e20030000CL |||||||||||||||||spa|d | ||
| 020 | |a 9562392538 | ||
| 082 | 0 | 4 | |a 303.34 |b FIS |2 21 |
| 100 | 0 | |a Fischman, David |e author |9 522843 | |
| 245 | 1 | 3 | |a El secreto de las siete semillas |
| 300 | |a 195 p | ||
| 942 | |c BK | ||
| 945 | |d 20070727 00:00:00 |a jtorresc | ||
| 260 | |a Santiago |b El Mercurio Aguilar |c 2003 | ||
| 650 | 0 | |a Liderazgo |9 271835 | |
| 650 | 0 | |a Administración de empresas |9 260833 | |
| 650 | 0 | |a Cambio organizacional |9 260741 | |
| 650 | 7 | |a TECNICAS ADMINISTRATIVAS |2 CL-VaPUC |9 338270 | |
| 650 | 0 | |a Aptitud |9 335650 | |
| 650 | 7 | |a CAPACIDAD |2 CL-VaPUC |9 336048 | |
| 583 | |a last modification |c 20070727 00:00:00 |k Rodrigo Vera | ||
| 999 | |c 326672 |d 326670 | ||
| 952 | |0 0 |1 0 |4 0 |6 303_340000000000000_FIS_2003 |7 0 |8 A |9 408727 |a BIBING |b BIBING |d 2019-11-22 |i 4359615 |o 303.34 FIS 2003 |p 4359615 |r 2025-01-20 |w 2019-11-22 |y BK |k CIC | ||